| 000 | 00359 a2200157 4500 | ||
|---|---|---|---|
| 001 | 149014 | ||
| 040 | _cEscola São Tomás de Aquino | ||
| 100 | _aSORRENTI, Neusa | ||
| 240 | 1 | 0 |
_aRaio de bicicleta _lpor |
| 245 | 1 | 0 | _aRaio de bicicleta |
| 300 | _a15 | ||
| 362 | 0 | _a2000 | |
| 440 | 1 | _aTrânsito e veículos | |
| 697 | _a*LITERATURA INFANTO | ||
| 942 | _cBK | ||
| 999 |
_c149014 _d149014 |
||